000 00659nam a2200217Ia 4500
003 IN-BaIIA
008 211028s9999 xx 000 0 eng d
020 _a0-486-63281-4
040 _cIIA Library
080 _a519.4
_bMAG
100 _aMagnus, W
_926089
245 0 _aCombinatorial group theory
_bpresentations of groups in terms of generators and relations
_cW. Magnus, A. Karrass and D. Solitar
250 _a2nd rev. ed.
260 _aNew York
_bDover Publications
_c1976
300 _ax, 444p.
650 _aCalculus
_91611
650 _aNielsen Transformation
_926090
700 _aKarrass, A
_926091
700 _aSolitar, D
_926092
942 _cBK
999 _c14635
_d14635